| 000 | 00631nam a22001937a 4500 | ||
|---|---|---|---|
| 003 | OSt | ||
| 005 | 20260122050008.0 | ||
| 008 | 260122b |||||||| |||| 00| 0 eng d | ||
| 020 | _a0-8264-5863-7 | ||
| 040 |
_aDWC-main lib _cOC |
||
| 082 |
_25th edition _aCirc. 658.3 C689 2003 |
||
| 100 | _aCole, G. | ||
| 245 |
_aPersonnel and human resource management _cCole, Gerald |
||
| 260 |
_aLondon : _bContinoum, _c c2003 |
||
| 300 |
_axvii, 506 pages ; _c24 cm. |
||
| 504 | _aIncludes index. | ||
| 650 | _aPersonnel Management | ||
| 942 |
_2ddc _cBK-CIRC _e5th edition _hCirc. 658.3 C689 2003 _kCirc. _n0 |
||
| 999 |
_c7690 _d7690 |
||